Skoki Narciarskie - Najlepsi Włosi w PŚ w XXI wieku - Statystyki

Ogólne statystyki
  • Ten quiz został rozwiązany 106 razy
  • Średni wynik to 18 z 25
Statystyki odpowiedzi
Sezon Skoczek % Poprawnych
2017/18 Alex Insam
94%
2018/19 Alex Insam
94%
2023/24 Alex Insam
94%
2024/25 Alex Insam
94%
2020/21 Giovanni Bresadola
91%
2021/22 Giovanni Bresadola
91%
2022/23 Giovanni Bresadola
91%
2013/14 Davide Bresadola
90%
2014/15 Davide Bresadola
90%
2000/01 Roberto Cecon
87%
2001/02 Roberto Cecon
87%
2002/03 Roberto Cecon
87%
2019/20 Federico Cecon
85%
2005/06 Sebastian Colloredo
63%
2007/08 Sebastian Colloredo
63%
2008/09 Sebastian Colloredo
63%
2009/10 Sebastian Colloredo
63%
2010/11 Sebastian Colloredo
63%
2011/12 Sebastian Colloredo
63%
2012/13 Sebastian Colloredo
63%
2015/16 Sebastian Colloredo
63%
2016/17 Sebastian Colloredo
63%
2006/07 Andrea Morassi
40%
2004/05 Stefano Chiapolino
5%
2003/04 Alessio Bolognani
3%
Nie znaleziono quizów pasujących do podanych kryteriów
Rozkład punktacji
Procent ludzi z każdym wynikiem
Percentyl według liczby udzielonych odpowiedzi
Twoja historia wyników
Nie rozwiązałeś tego quizu